| 000 | 01148nam a22002777a 4500 | ||
|---|---|---|---|
| 005 | 20180227115354.0 | ||
| 010 | _a1617EN ENG-112400 | ||
| 020 |
_a9780199457007 _c350.00 |
||
| 020 |
_a19945700x _c350.00 |
||
| 035 | _aB-649836-846 | ||
| 035 | _aEN-95932 | ||
| 035 | _aB-664886 | ||
| 037 | _bUppal | ||
| 037 | _bDBAD/PUB | ||
| 082 | _aN | ||
| 100 | _a Lalithambika Antharjanam | ||
| 245 |
_aAgnisakshi : _bfire, my witness / _cby Lalithambika Antharjanam ; edited by Mini Krishnan ; translated from Malayalam by Vasanthi Sankaranarayanan |
||
| 260 |
_aNew Delhi _bOxford University Press _c2015 |
||
| 270 |
_aYMCA Library Building, 1 Jai Singh Road, _bNew Delhi _e110001 |
||
| 300 |
_axxxviii,166p. _c22cm(pbk) |
||
| 700 | _aMini Krishnan | ||
| 700 | _aVasanthi Sankaranarayanan | ||
| 942 |
_2ddc _cEN _mLAL _hN |
||
| 999 |
_c92287 _d92287 |
||